000 01272nam a2200313 a 4500
001 000114054
003 CHAP
005 20220329144425.0
008 171024s2017 mx a fsm |||||||spa d
010 _a110515
011 _a111487
040 _cCHAP
090 _aTesis
100 1 _aRamírez Arpide, Félix Rafael
_993876
245 1 0 _aAnálisis del ciclo de vida y factibilidad económica de la producción de bioenergía a partir del nopal
_h[En línea]
_cpor Félix Rafael Ramírez Arpide.
260 _aChapingo, Méx. :
_bEl autor,
_c2017.
500 _aPara ver el contenido del material haga clic en la liga
502 _aTesis (Ph.D. en Problemas Económico Agroindustriales) -- UACH. Centro de Investigaciones Económicas, Sociales y Técnologicas de la Agroindustria y la Agricultura Mundial
590 _aE8697GMM
_b05
_c20171024
_lUCH01
_h1212
590 _aE8697GMM
_b05
_c20171024
_lUCH01
_h1345
650 1 4 _aBiocombustibles
_xAspectos económicos.
_9130696
650 1 4 _aBiocombustibles
_xProducción.
_9129610
650 1 4 _aMateria orgánica
_xDescomposición.
_972932
650 1 4 _aNopal
_xAprovechamiento.
_981651
856 _aFinding aid
_uhttp://10.13.5.2/tesis/sist114054.pdf
_zTeclea aquí
901 _aBK
942 _cTESIS
942 _n0
999 _c110515
_d110515